000 00678nam a2200217Ia 4500
001 10803
003 GE_BSU
008 181216s||||||||xx |||||||||||||| ||und||
040 _cGE_BSU
080 _a821.353.1-1
100 _aქემერტელიძე,იორამ.
245 _aაქეთ და იქით.
245 _bლექსები
245 _cრედ.ნ.იაშვილი;მხატვ.დ.დუნდუა.
260 _aთბილისი.
260 _bსაბჭოთა საქართველო.
260 _c1986.
300 _a397გვ;20სმ.
653 _aაქეთ და იქით
942 _cBK
999 _c44051
_d44051